| 000 | 01896nam a2200397 a 4500 | ||
|---|---|---|---|
| 001 | ebr10256715 | ||
| 003 | CaPaEBR | ||
| 006 | m u | ||
| 007 | cr cn||||||||| | ||
| 008 | 071128s2008 nyu sb 001 0 eng | ||
| 010 | _z 2007047773 | ||
| 020 | _z9781593322335 (alk. paper) | ||
| 020 | _z159332233X (alk. paper) | ||
| 040 |
_aCaPaEBR _cCaPaEBR |
||
| 035 | _a(OCoLC)476327330 | ||
| 043 | _an-us--- | ||
| 050 | 1 | 4 |
_aE184.S67 _bS54 2008eb |
| 082 | 0 | 4 |
_a305.89/354073 _222 |
| 100 | 1 |
_aShepard, Raynel M., _d1952- |
|
| 245 | 1 | 0 |
_aCultural adaptation of Somali refugee youth _h[electronic resource] / _cRaynel M. Shepard. |
| 260 |
_aNew York : _bLFB Scholarly Pub., _c2008. |
||
| 300 | _axv, 262 p. | ||
| 490 | 1 | _aThe new Americans | |
| 504 | _aIncludes bibliographical references (p. 243-257) and index. | ||
| 505 | 0 | _aTheoretical anchors -- Ethnographic background -- The field and field work -- Student profiles. Hassan. Ice. John. Adam. Samuel. Ahmed. Haweeya. Ubah. Awrala. Faadumo. Sufia. Aliaa -- Expressions of identity -- Responding to multiple contexts -- Conclusion. | |
| 533 |
_aElectronic reproduction. _bPalo Alto, Calif. : _cebrary, _d2013. _nAvailable via World Wide Web. _nAccess may be limited to ebrary affiliated libraries. |
||
| 650 | 0 |
_aSomali American teenagers _xCultural assimilation _vCase studies. |
|
| 650 | 0 |
_aRefugees _xCultural assimilation _zUnited States. |
|
| 650 | 0 |
_aSomali American teenagers _xEthnic identity _vCase studies. |
|
| 650 | 0 |
_aSomali American teenagers _xEducation _vCase studies. |
|
| 650 | 0 |
_aMinorities _xEducation (Secondary) _zUnited States _vCase studies. |
|
| 655 | 7 |
_aElectronic books. _2local |
|
| 710 | 2 | _aebrary, Inc. | |
| 830 | 0 | _aNew Americans (LFB Scholarly Publishing LLC) | |
| 856 | 4 | 0 |
_uhttp://site.ebrary.com/lib/rucke/Doc?id=10256715 _zAn electronic book accessible through the World Wide Web; click to view |
| 999 |
_c13349 _d13349 |
||